000 00733nam a2200229 a 4500
005 20200104041526.0
008 140303b1992 ja ||||| |||| 00| 0 spa d
041 _aspa
090 _aLB
_b01787
100 _aLacerda, L. D.
_913892
245 _aInforme técnico del proyecto conservación y aprovechamiento sostenible de bosque de manglar en las regiones América Latina y Africa
260 _aOkinawa
_bITTO
_bISME
_c1992
300 _a256 p.
650 _aConservación de bosques
_913893
650 _aManglares
_913894
650 _aAprovechamiento forestal
_91044
650 _aUso sostenible
_9344
650 _aConservación de biodiversidad
_9345
662 _cAmérica Latina
662 _cAfrica
942 _cImpreso
_2z
999 _c1956
_d1956